000 00412nam a2200193Ia 4500
008 151119s9999||||xx |||||||||||||| ||und||
082 _a823.91
082 _bGKKV28447
100 _aENID BLYTON
245 _aANYTIME TALES
260 _a--
260 _b--
260 _c0
600 _aENID BLYTON
630 _aANYTIME TALES
700 _aENID BLYTON
730 _aANYTIME TALES
942 _cBOOK
999 _c1080842
_d1080839